000 01298namaa22003131i 4500
003 EG-GICUC
005 20260303101458.0
008 260303m19uu19uuua ||||jr|||| 000 0 ara d
040 _aEG-GiCUC
_bara
_cEG-GiCUC
_dEG-GiCUC
_erda
082 0 4 _221
_a811.5
_bR936
092 0 4 _221
_a811.5
_bR936
099 _a811.5 R936di
100 1 _aابن الرومى،
_d836-896
_eمؤلف.
245 1 _aديوان ابن الرومى /
_cأبى الحسن على بن العباس بن جريح ؛ تحقيق الدكتور حسين نصار
264 _aالقاهرة (مصر) :
_bمركز تحقيق التراث،
_c[19--]
300 _a؛ 6 مجلدات
_c27 سم
_bإيضاحيات، صور، مثيليات ؛ Illustrations
336 _2rdacontent
_atext
337 _2rdamedia
_aUnmediated
338 _2rdacarrier
_avolume
500 _aمتعدد الطبعات
504 _aيشتمل على ارجاعات ببليوجرافية
541 _aد. جابر عصفور ؛
_bالقاهرة ؛
_cإهداء ؛
_d2024.
600 _aابن الرومى،
_d836-896
650 1 7 _aالشعر العربى
_xدواوين و قصائد
_y العصر العباسى الثانى
_2qrmak
651 1 _2qrmak
700 1 _aنصار، حسين
_eمحقق.
905 _aHuda
942 _2ddc
_cBK
_e21
_n0
999 _c178821
_d178821